000
00208 a2200097 4500
001
6915
100
_a
Nuffield Foundation
245
_a
Physics-Teachers Guide
260
_a
_b
Longman
_c
090
_c
5714
_d
5714
942
_a
NUST-CAE
_c
M
_c
32172
999
_c
241988
_d
241988